Pertemuan bermakna

Bibliographic Details
Main Author: Adam Hakimi
Format: Book
Published: Kuala Lumpur : Pustaka Hakimin , 2018
Series:Siri inspirasi minda
Subjects:

MARC

LEADER 00000cam a2200000 7i4500
001 0000083372
005 20190327.0
008 190327
020 |a 9789670696386 (SET) 
020 |a 9789670696416 
041 0 |a Malay 
090 0 0 |a JF   |b MAL 
100 0 |a Adam Hakimi 
245 0 0 |a Pertemuan bermakna   |c Adam Hakimi 
260 |a Kuala Lumpur :   |b Pustaka Hakimin ,   |c 2018 
300 |a 124p. ;   |c 18.5cm. 
490 0 |a Siri inspirasi minda 
500 |a Children ages 7-9 years old (orange) 
541 0 0 |c Purchased on 2018   |f 334/18 TGR   |h RM25.20 
650 0 |a Etiquette (manners)   |x Malay 
650 0 |a Malay fiction 
999 |a 0001562748   |b Book   |c Children Collection   |e Cawangan Muar 
999 |a 0001562749   |b Book   |c Children Collection   |e Cawangan Mersing 
999 |a 0001562750   |b Book   |c Children Collection   |e Cawangan Pontian 
999 |a 0001562752   |b Book   |c Children Collection   |e Cawangan Batu Pahat 
999 |a 0001562753   |b Book   |c Children Collection   |e Cawangan Tangkak 
999 |a 0001562754   |b Book   |c Children Collection   |e Cawangan Tmn. Ungku Tun Aminah 
999 |a 0001562755   |b Book   |c Children Collection   |e Cawangan Bukit Gambir 
999 |a 0001562756   |b Book   |c Children Collection   |e Cawangan Bandar Penawar 
999 |a 0001562757   |b Book   |c Children Collection   |e Cawangan Kota Tinggi 
999 |a 0001562759   |b Book   |c Children Collection   |e Cawangan Taman Universiti 
999 |a 0001562760   |b Book   |c Children Collection   |e Cawangan Bandar Tenggara 
999 |a 0001562761   |b Book   |c Children Collection   |e Cawangan Segamat 
999 |a 0001563203   |b Book   |c Children Collection   |e Perbadanan Perpustakaan Awam Johor 
999 |a 0001563204   |b Book   |c Children Collection   |e Cawangan Urban Transformation Centre 
999 |a 0001563205   |b Book   |c Children Collection   |e Cawangan AEON Kulaijaya